000 02522nam0a2200421 4500
001 RU\NLR\bibl\366591
005 20260406080052.0
021 _aRU
_b2002-58760
_92860
035 _a(NLR Aleph) 000361155
090 _a336573
_c336573
100 _a20030206d2002 |||y0rusy50 ca
101 0 _arus
102 _aRU
105 _aa |||||||||
200 1 _aИсторическое описание Гуслицкого Спасо-Преображенского миссионерского мужского монастыря Московской епархии Запонорской волости Богородского уезда Московской губернии. Ныне в городе Куровское Орехово-Зуевского района Московской области
_fИгум. Георгий (Хлебников), С.С. Михайлов
210 _aКуровское
_cГуслиц. Спасо-Преображен. миссионер. муж. монастырь
_d2002
215 _a112 с., 26 с., [2] л. ил.
_cил.
_d20
300 _aЗагл. обл.: Гуслицкий Спасо-Преображенский миссионерский мужской монастырь
512 1 _6z45790
_aГуслицкий Спасо-Преображенский миссионерский мужской монастырь
601 0 1 _aГуслицкий Спасо-Преображенский мужской монастырь
_92279002
_3RU\NLR\auth\661365523
601 0 2 _aГуслицкий Спасо-Преображенский мужской монастырь
610 0 _aМонастыри - История
610 0 _aКуровское, г., Моск. обл.
610 0 _aБогородский уезд, Моск. губерния, история правосл. монастырейправосл. монастыри
675 _a271.22-788-052.1(470.311)(091)
_v3
_zrus
686 _a21.15
_2rugasnti
686 _a86.372
_2rubbk
686 _aЭ372.24-647.2
700 0 _4070
_8rus
_7ca
_aГеоргий
_cХлебников
_cигумен
_3RU\NLR\AUTH\7714079
_9123757
701 1 _4070
_8rus
_7ca
_aМихайлов
_bС. С.
_cканд. ист. наук
_f1970-
_gСергей Сергеевич
_3RU\NLR\AUTH\7740449
_923401
801 0 _aRU
_bRKP
_c20030206
_gPSBO
801 1 _aRU
_bRKP
_c20030206
801 2 _aRU
_bNLR
_c20070906
_grcr
942 _cBOOK
980 _aNB